Práce s virtuální měnou v běžné praxi

Praktické aspekty držania virtuálych mien a problematika bežného platobného styku s využitím bitcoinu. Úvaha nad možnosťou nových bankových služieb v oblasti virtuálnych mien.

Saved in:
Bibliographic Details
Main Author: Čejp, Vlastimil
Format: Book Chapter
Language:Czech
Subjects:
Tags: Add Tag
No Tags, Be the first to tag this record!

MARC

LEADER 00000naa a2200000 4500
001 0190094
005 20231010070345.1
041 0 |a cze 
044 |a CZ 
245 1 0 |a Práce s virtuální měnou v běžné praxi  |c Vlastimil Čejp 
520 |a Praktické aspekty držania virtuálych mien a problematika bežného platobného styku s využitím bitcoinu. Úvaha nad možnosťou nových bankových služieb v oblasti virtuálnych mien. 
610 2 0 |a mena virtuálna 
610 2 0 |a služby bankové 
610 2 0 |a styk platobný 
610 2 0 |a bankovníctvo 
100 1 |a Čejp, Vlastimil